Sight & Sound: 2022 Greatest Films of All Time List - Statistics

General Stats
  • This quiz has been taken 925 times
    897 since last reset
  • The average score is 103 of 264
Answer Stats
Hint Answer % Correct
1931 M
98%
1972 The Godfather
94%
1941 Citizen Kane
91%
1968 2001: A Space Odyssey
90%
1958 Vertigo
89%
1974 The Godfather Part II
87%
1960 Psycho
86%
1954 Seven Samurai
84%
1979 Apocalypse Now
79%
1990 Goodfellas
79%
2001 Mulholland Dr.
77%
1976 Taxi Driver
77%
1980 The Shining
77%
1994 Pulp Fiction
75%
1975 Barry Lyndon
74%
2000 In the Mood for Love
74%
1931 City Lights
73%
1954 Rear Window
73%
1975 Jaws
72%
1977 Star Wars
72%
1953 Tokyo Story
72%
1993 Blue
71%
1942 Casablanca
71%
1975 Jeanne Dielman, 23 Quai du Commerce 1080 Bruxelles
70%
1936 Modern Times
70%
1966 Persona
70%
1971 A Clockwork Orange
69%
1960 Breathless (À bout de souffle)
68%
2019 Parasite
68%
1950 Rashomon
68%
1979 Stalker
68%
1963 Dr. Strangelove or: How I Learned to Stop Worrying and Love the Bomb
67%
1980 Raging Bull
67%
1986 Blue Velvet
66%
1963
65%
1974 Ali: Fear Eats the Soul
65%
1927 Metropolis
65%
1959 North by Northwest
65%
1951 Singin' in the Rain
65%
1960 The Apartment
64%
1939 The Wizard of Oz
64%
1975 Mirror
63%
2001 Spirited Away
63%
1950 Sunset Blvd.
63%
1966 The Good, the Bad, and the Ugly
63%
1957 The Seventh Seal
63%
1962 Lawrence of Arabia
62%
1929 Man with a Movie Camera
62%
1966 Andrei Rublev
61%
2016 Moonlight
60%
1968 Once upon a Time in the West
60%
1927 Sunrise: A Song of Two Humans
60%
1960 La Dolce Vita
59%
1959 The 400 Blows
59%
1956 The Searchers
59%
1982 Blade Runner
57%
1949 Late Spring
57%
1959 Some Like It Hot
57%
1962 Cléo from 5 to 7
56%
1922 Nosferatu
56%
2019 Portrait of a Lady on Fire
56%
1963 The Birds
56%
1927 The Passion of Joan of Arc
56%
1979 Alien
55%
1985 Come and See
55%
1982 Fanny and Alexander
55%
1985 Ran
55%
1939 The Rules of the Game (La Règle du jeu)
55%
1925 Battleship Potemkin
54%
1998 Beau travail
54%
1948 Bicycle Thieves
54%
1989 Do the Right Thing
54%
1952 Ikiru
54%
1926 The General
54%
2017 Get Out
53%
1983 Once Upon a Time in America
53%
1989 Close-up
52%
1947 It's a Wonderful Life
52%
1988 My Neighbor Totoro
52%
1957 Wild Strawberries
52%
1974 Chinatown
51%
1977 Annie Hall
50%
1963 Contempt (Le Mépris)
50%
2007 There Will Be Blood
50%
1994 Chungking Express
48%
1924 Sherlock Jr.
48%
1999 The Matrix
48%
1955 The Night of the Hunter
48%
1949 The Third Man
47%
1958 Touch of Evil
47%
1982 The Thing
46%
1965 Black Girl
45%
1985 Shoah
45%
1999 Yi Yi
45%
1960 L'avventura
44%
1984 Paris, Texas
44%
1948 The Red Shoes
44%
1944 Double Indemnity
43%
1934 L'Atalante
43%
1967 Playtime
43%
1950 All About Eve
42%
1943 Meshes of the Afternoon
42%
1976 News from Home
42%
1981 Raiders of the Lost Ark
42%
1942 The Magnificent Ambersons
42%
1966 Au hasard Balthazar
41%
1916 Intolerance
41%
1955 Ordet
41%
1959 Pickpocket
41%
1997 Taste of Cherry
41%
1992 Twin Peaks: Fire Walk with Me
40%
1994 Sátántangó
39%
2010 The Tree of Life
39%
1991 A Brighter Summer Day
38%
1965 Pierrot le fou
38%
1964 The Umbrellas of Cherbourg
38%
1956 A Man Escaped
37%
1978 Days of Heaven
37%
1962 La Jetée
37%
1975 Nashville
37%
1992 The Piano
37%
2004 Tropical Malady
37%
1962 Vivre sa vie
36%
1987 Where Is the Friend's House?
36%
1987 Wings of Desire
36%
1974 A Woman Under the Influence
35%
1999 Magnolia
35%
1974 The Texas Chainsaw Massacre
35%
2017 Twin Peaks: The Return [Season 3]
35%
1953 Ugetsu Monogatari
35%
1955 Pather Panchali
34%
1958 Rio Bravo
34%
1966 Daisies
33%
1937 Grand Illusion (La Grande Illusion)
33%
1983 L'Argent
33%
1966 The Battle of Algiers
33%
2000 The Gleaners and I
33%
1985 Vagabond
33%
1946 A Matter of Life and Death
32%
1997 Happy Together
32%
1946 Notorious
32%
1972 Cries and Whispers
31%
1978 The Deer Hunter
31%
1972 Amarcord
30%
1988 Histoire(s) du Cinéma
30%
1954 Sansho the Bailiff
30%
1982 Sans Soleil
30%
1967 The Young Girls of Rochefort (Les Demoiselles de Rochefort)
30%
1972 Aguirre, the Wrath of God
29%
1962 The Man Who Shot Liberty Valance
29%
1973 Touki Bouki
29%
1932 Vampyr
29%
1962 An Autumn Afternoon
28%
1988 Grave of the Fireflies
28%
1923 Greed
28%
1995 Heat
28%
1959 Hiroshima, mon amour
28%
1939 His Girl Friday
28%
1974 Je, tu, il, elle
28%
2021 Petite Maman
28%
1970 The Conformist
28%
1963 The Leopard
28%
1938 Bringing up Baby
27%
1996 Crash
27%
1981 Possession
27%
1977 Suspiria
27%
1953 The Earrings of Madame de ...
27%
1928 Un chien andalou
27%
1983 Videodrome
27%
1970 Wanda
27%
1999 All About My Mother
26%
1947 Black Narcissus
26%
1974 Céline and Julie Go Boating
26%
1954 Journey to Italy
26%
1962 L'eclisse
26%
1943 The Life and Death of Colonel Blimp
26%
2010 Uncle Boonmee Who Can Recall His Past Lives
26%
2000 Werckmeister Harmonies
26%
1936 A Day in the Country (Partie de campagne)
25%
1945 Brief Encounter
25%
1933 Duck Soup
25%
2003 Goodbye, Dragon Inn
25%
1977 Killer of Sheep
25%
2015 Mad Max: Fury Road
25%
1976 The Ascent
25%
1973 The Spirit of the Beehive
25%
1991 Daughters of the Dust
24%
1964 Gertrud
24%
1965 Le Bonheur
24%
1924 The Last Laugh
24%
1983 Born in Flames
23%
1973 Don't Look Now
23%
1966 Mouchette
23%
1927 Napoléon
23%
1968 The Color of Pomegranates
23%
1969 The Wild Bunch
23%
1955 All That Heaven Allows
22%
2000 As I Was Moving Ahead, Occasionally I Saw Brief Glimpses of Beauty
22%
1959 Imitation of Life
22%
1954 Johnny Guitar
22%
1946 My Darling Clementine
22%
1951 The River
22%
1942 To Be or Not to Be
22%
2017 Zama
22%
1961 Last Year at Marienbad
21%
1928 Pandora's Box
21%
1973 The Mother and the Whore (La Maman et la Putain)
21%
1930 Earth
20%
1941 Sullivan's Travels
20%
1957 The Gospel According to St. Matthew
20%
1962 The House Is Black
20%
1946 Paisan
19%
1964 Red Desert
19%
1986 The Green Ray
19%
1967 Wavelength
19%
1944 A Canterbury Tale
18%
1969 A Touch of Zen
18%
1945 Children of Paradise (Les Enfants du paradis)
18%
1950 In a Lonely Place
18%
2011 Melancholia
18%
1939 Only Angels Have Wings
18%
1970 Soleil Ô
18%
1962 The Exterminating Angel
18%
1989 A City of Sadness
17%
1948 Letter from an Unknown Woman
17%
1971 Out 1
17%
1947 Out of the Past
17%
1972 Pink Flamingos
17%
2013 Under the Skin
17%
1935 By the Bluest of Seas
16%
2001 La ciénaga
16%
1984 Love Streams
16%
1972 Sambizanga
16%
1928 The Crowd
16%
1976 Harlan County, USA
15%
2010 Nostalgia for the Light
15%
1990 Paris Is Burning
15%
1967 Symbiopsychotaxiplasm: Take One
15%
2006 Syndromes and a Century
15%
1952 Europa '51
14%
1998 Flowers of Shanghai
14%
1945 I Know Where I'm Going!
14%
1950 Los olvidados
14%
2001 Morvern Callar
14%
1979 West Indies: The Fugitive Slaves of Liberty
14%
1964 Charulata
13%
1988 Distant Voices, Still Lives
13%
1992 Orlando
13%
1957 Pyaasa
13%
1997 The Watermelon Woman
13%
2002 West of the Tracks
13%
2008 The Headless Woman
12%
2004 The Intruder
12%
1932 Trouble in Paradise
12%
1960 The Cloud-Capped Star (Meghe Dhaka Tara)
11%
1968 The Hour of the Furnaces
11%
1969 Army of Shadows
10%
2000 In Vanda's Room
10%
1931 Limite
10%
1977 De Cierta Manera (One Way or Another)
9%
1968 Memories of Underdevelopment
9%
1984 Twenty Years Later
9%
1975 India Song
8%
1992 The Quince Tree Sun
7%
No matching quizzes found
Score Distribution
Percent of People with Each Score
Percentile by Number Answered
Your Score History
You have not taken this quiz since the last reset